00231 2200109 4500245003700000250001100037100001000048650001600058005001900074041001400093084001400107 aMAKANAN DAN MINUMAN BETAWIhText aCet. 1 aEYRIN aKarya Siswa a20250424093319 aIndonesia a081 EYR m